La Revue universelle / (Record no. 2152)

MARC details
000 -LEADER
campo de control de longitud fija 00792nas a2200241 i 4500
001 - NÚMERO DE CONTROL
campo de control 2152
003 - IDENTIFICADOR DE NÚMERO DE CONTROL
campo de control ES-MaACL
005 - FECHA Y HORA DE LA ÚLTIMA TRANSACCIÓN
campo de control 20250815000203.0
007 - CAMPO FIJO DE DESCRIPCIÓN FÍSICA--INFORMACIÓN GENERAL
campo de control de longitud fija t|
008 - DATOS DE LONGITUD FIJA--INFORMACIÓN GENERAL
campo de control de longitud fija 950801d19201944fr | | 1 ||re d
022 ## - NÚMERO INTERNACIONAL NORMALIZADO PARA PUBLICACIONES SERIADAS
Número Internacional Normalizado para Publicaciones Seriadas 0996-0236
245 03 - MENCIÓN DEL TÍTULO
Título La Revue universelle /
Mención de responsabilidad, etc. dir. Jacques Bainville.
260 ## - PUBLICACIÓN, DISTRIBUCIÓN, ETC.
Lugar de publicación, distribución, etc. Paris :
Nombre del editor, distribuidor, etc. [Imp. Plon Nourrit et Cie.],
Fecha de publicación, distribución, etc. 1920-1944.
300 ## - DESCRIPCIÓN FÍSICA
Extensión 67 v. ;
Dimensiones 25 cm.
310 ## - PERIODICIDAD ACTUAL
Periodicidad actual Mensual
321 ## - PERIODICIDAD ANTERIOR
Periodicidad anterior Quincenal,
Fechas de la periodicidad anterior 1920-1943
362 0# - FECHAS DE PUBLICACIÓN Y/O DESIGNACIÓN SECUENCIAL
Fecha de publicación y/o designación secuencial T.1, n°1 (1er avril 1920) - t.80, n°5 (1940) ; N.s. n°1 (1er janvier 1941) - n°86/87 (août 1944)
700 1# - ENTRADA AGREGADA--NOMBRE PERSONAL
Nombre de persona Bainville, Jacques,
Fechas asociadas al nombre 1879-1936
9 (RLIN) 24735
700 1# - ENTRADA AGREGADA--NOMBRE PERSONAL
Nombre de persona Massis, Henri.
9 (RLIN) 78833
852 ## - LOCALIZACIÓN
Ubicación ES-MaACL
Número de control de estantería Hem-1041
866 #0 - MENCIÓN TEXTUAL DE FONDOS--UNIDAD BIBLIOGRÁFICA BÁSICA
Fondos 1920-34(1935),(1941f.n.1-7y9y23)1942(1943f.n.54)(1944)
Holdings
Estatus retirado Estado de pérdida Estado de daño No para préstamo Colección Biblioteca de origen Biblioteca actual Ubicación en estantería Fecha de adquisición Fuente de adquisición Total de préstamos Signatura topográfica completa Código de barras Visto por última vez Precio de reemplazo Tipo de ítem Koha
        Periódicos y Revistas Biblioteca del Ateneo de Madrid Biblioteca del Ateneo de Madrid Depósito 1 17/01/2008     Hem-1041 1002191 23/02/2023 23/02/2023 Revista